Click - Retrouver le réalisateur français - Statistiques

Statistiques générales
  • Ce quiz a été pris 147 fois
  • Le résultat moyen est 29 sur 65
Statistiques - réponses
Hint Réponse % Correct
Léon Luc Besson
78%
Le Grand Bleu Luc Besson
73%
Arthur et les Minimoys Luc Besson
73%
The Artist Michel Hazanavicius
67%
Les Valseuses Bertrand Blier
65%
À bout de souffle Jean-Luc Godard
65%
Subway Luc Besson
64%
OSS 117 : Le Caire, nid d'espions Michel Hazanavicius
64%
Emilia Pérez Jacques Audiard
62%
Le Mépris Jean-Luc Godard
62%
Le Dîner de cons Francis Veber
60%
La Grande Vadrouille Gérard Oury
60%
Le Corniaud Gérard Oury
60%
Pierrot le Fou Jean-Luc Godard
60%
Les Sous-doués Claude Zidi
58%
De rouille et d'os Jacques Audiard
58%
La Chèvre Francis Veber
56%
Le Placard Francis Veber
56%
Un prophète Jacques Audiard
55%
Les Visiteurs Jean-Marie Poiré
55%
Jeanne d'Arc Luc Besson
55%
La Folie des grandeurs Gérard Oury
53%
Les Aventures de Rabbi Jacob Gérard Oury
51%
La Grande Illusion Jean Renoir
51%
La Bête humaine Jean Renoir
51%
Tenue de soirée Bertrand Blier
49%
Un singe en hiver Henri Verneuil
47%
La Zizanie Claude Zidi
44%
La Règle du jeu Jean Renoir
44%
Les Bidasses en folie Claude Zidi
42%
Les Frères Sisters Jacques Audiard
42%
Sur mes lèvres Jacques Audiard
42%
Le Gendarme de Saint-Tropez Jean Girault
42%
Masculin féminin Jean-Luc Godard
42%
Une femme est une femme Jean-Luc Godard
42%
Le père Noël est une ordure Jean-Marie Poiré
42%
Coupez ! Michel Hazanavicius
42%
Astérix et Obélix contre César Claude Zidi
40%
Les Fugitifs Francis Veber
40%
La Doublure Francis Veber
38%
Le Clan des Siciliens Henri Verneuil
38%
Peur sur la ville Henri Verneuil
38%
Mélodie en sous-sol Henri Verneuil
36%
Papy fait de la résistance Jean-Marie Poiré
36%
Préparez vos mouchoirs Bertrand Blier
35%
L'Aile ou la Cuisse Claude Zidi
35%
Les Tontons flingueurs Georges Lautner
35%
Merci la vie Bertrand Blier
33%
Le Professionnel Georges Lautner
33%
L'Opération Corned-Beef Jean-Marie Poiré
33%
French Cancan Jean Renoir
33%
Les Barbouzes Georges Lautner
31%
La Vache et le Prisonnier Henri Verneuil
31%
Mort d'un pourri Georges Lautner
29%
Le Pacha Georges Lautner
27%
Les Anges gardiens Jean-Marie Poiré
27%
Le Prince oublié Michel Hazanavicius
27%
L'avare Jean Girault
25%
La Classe américaine Michel Hazanavicius
25%
Notre histoire Bertrand Blier
24%
La Soupe aux choux Jean Girault
24%
JO Jean Girault
24%
Les Grandes Vacances Jean Girault
22%
Le Fleuve Jean Renoir
22%
L'As des as Gérard Oury
15%
Aucun quiz correspondant
Distribution des résultats
% des personnes avec chaque résultat
Percentile par nombre de réponses
Votre historique - résultats
Vous n’avez pas pris ce quiz